Encyklopedie grafických formátů

Na minha lista:
Detalhes bibliográficos
Autor principal: Murray, James D.
Outros Autores: vanRyper, William, Magera, Ivo
Formato: Livro
Idioma:tcheco
inglês
Publicado em: Praha Computer Press 1997
Edição:2. vyd.
Assuntos:
Tags: Adicionar Tag
Sem tags, seja o primeiro a adicionar uma tag!

MARC

LEADER 00000nam$a2200000$$$4500
001 0022526
005 20221129105949.8
020 |a 80-7226-033-2 
041 0 |a cze 
041 0 |a eng 
044 |a CZ 
245 1 0 |a Encyklopedie grafických formátů  |c James D. Murray a William vanRyper ; překlad: Ivo Magera 
250 |a 2. vyd. 
264 1 |a Praha  |b Computer Press  |c 1997 
300 |a 922 s.  |e CD-ROM 
610 2 0 |a grafika počítačová 
610 2 0 |a softvér 
610 2 0 |a programy počítačové 
610 2 0 |a multimédiá 
100 1 |a Murray, James D. 
700 1 |a vanRyper, William 
700 1 |a Magera, Ivo